Normal view
MARC view
Entry Meeting Name
001 - CONTROL NUMBER
- control field: 21866
003 - CONTROL NUMBER IDENTIFIER
- control field: OSt
005 - DATE AND TIME OF LATEST TRANSACTION
- control field: 20211105134615.0
008 - FIXED-LENGTH DATA ELEMENTS
- fixed length control field: 211105|| aca||aabn | a|a d
040 ## - CATALOGING SOURCE
- Original cataloging agency: OSt
- Transcribing agency: OSt
111 ## - HEADING--MEETING NAME
- Meeting name or jurisdiction name as entry element: Yohkoh Anniversary Symposium
- Number of part/section/meeting: 5th
- Location of meeting: Japan
- Date of meeting or treaty signing: 1996 Nov. 6-8
670 ## - SOURCE DATA FOUND
- Source citation: Work cat.: (OSt): Yohkoh Anniversary Symposium 5th Japan 1996 Nov. 6-8, Observational plasma astrophysics-five years of Yohkoh and beyond, 1998